000 00637nam a2200229Ia 4500
003 OSt
005 20220928114539.0
006 a|||||r|||| 00| 0
007 ta
008 220927b |||||||| |||| 00| 0 eng d
024 _a4900
037 _cTextual
040 _aSDCL
_cSDCL
_beng
041 _2eng
_aeng
082 _aV73:19'P, P6
100 _aPerusek Glenn
_9439692
245 0 _aShifting terrain
_bEssays on politics,history and society
260 _aNew York
_b Peter Lang Publishing
_c2006
300 _ax,182p
_ccm.
942 _hV73:19'P, P6
_cTEXL
_2CC
999 _c755381
_d755381